[Event "GER-ch U16"]
[Site "Willingen"]
[Date "2018.05.25"]
[Round "8"]
[White "Recktenwald, Cedric"]
[Black "Holinka, Henning"]
[Result "0-1"]
[WhiteElo "1861"]
[BlackElo "2115"]
[PlyCount "48"]
[EventDate "2018.05.19"]
[EventType "swiss"]
[EventRounds "9"]
[EventCountry "GER"]
[SourceTitle "CBM 184 Extra"]
[Source "ChessBase"]
[SourceDate "2018.06.28"]
[SourceVersion "1"]
[SourceVersionDate "2018.06.28"]
[SourceQuality "1"]

1. e4 g6 2. d4 Bg7 3. Nc3 d6 4. f4 a6 5. Nf3 b5 6. Bd3 Bb7 7. e5 c5 8. dxc5 dxe5 9. fxe5 Qc7 10. e6 f5 11. 0-0 Nf6 12. Qe2 Ng4 13. Kh1 Qxc5 14. Bf4 Nc6 15. Rad1 0-0 16. h3 Nf6 17. a3 Nh5 18. Bh2 Nd4 19. Nxd4 Bxd4 20. Rxf5 Rxf5 21. Bxf5 Bxc3 22. Be4 Be5 23. g4 Bxh2 24. gxh5 Qe5 0-1

[Event "GER-ch U16"]
[Site "Willingen"]
[Date "2018.05.24"]
[Round "7"]
[White "Lange, Jannis"]
[Black "Recktenwald, Cedric"]
[Result "1-0"]
[WhiteElo "1849"]
[BlackElo "1861"]
[PlyCount "101"]
[EventDate "2018.05.19"]
[EventType "swiss"]
[EventRounds "9"]
[EventCountry "GER"]
[SourceTitle "CBM 184 Extra"]
[Source "ChessBase"]
[SourceDate "2018.06.28"]
[SourceVersion "1"]
[SourceVersionDate "2018.06.28"]
[SourceQuality "1"]

1. e4 c6 2. Nc3 d5 3. Qe2 d4 4. Nd1 c5 5. f4 Nc6 6. Nf3 Qc7 7. d3 e5 8. g3 Bd6 9. f5 Nf6 10. Bg2 Bd7 11. 0-0 0-0-0 12. Nf2 b5 13. g4 Na5 14. Bd2 Nb7 15. g5 Ng8 16. Ng4 f6 17. gxf6 Nxf6 18. Ng5 Rde8 19. h3 Nd8 20. Nf3 Bc6 21. Nfh2 Ref8 22. Rf2 Kb8 23. Raf1 Rf7 24. Nxf6 gxf6 25. Bf3 Be8 26. Kh1 c4 27. Bh6 Qa5 28. a3 Bf8 29. Bxf8 Rhxf8 30. dxc4 Nb7 31. Bh5 Rc7 32. Bxe8 Rxe8 33. cxb5 Nd6 34. Ng4 Rf8 35. Rf3 Nc4 36. c3 h5 37. Nf2 Ne3 38. Rg1 Rd8 39. Qd3 Nc4 40. Rfg3 Nxb2 41. Qb1 dxc3 42. Nd3 Nc4 43. Nb4 Nxa3 44. Qb3 Nxb5 45. Nd5 Rb7 46. Rg8 Ka8 47. Qc4 Rbb8 48. Qc6+ Rb7 49. Qxf6 Rbd7 50. Qc6+ Kb8 51. Qxd7 1-0

[Event "GER-ch U16"]
[Site "Willingen"]
[Date "2018.05.20"]
[Round "2"]
[White "Richter, Nils"]
[Black "Recktenwald, Cedric"]
[Result "1-0"]
[WhiteElo "2045"]
[BlackElo "1861"]
[PlyCount "55"]
[EventDate "2018.05.19"]
[EventType "swiss"]
[EventRounds "9"]
[EventCountry "GER"]
[SourceTitle "CBM 184 Extra"]
[Source "ChessBase"]
[SourceDate "2018.06.28"]
[SourceVersion "1"]
[SourceVersionDate "2018.06.28"]
[SourceQuality "1"]

1. e4 e6 2. d4 d5 3. Nd2 Nf6 4. e5 Nfd7 5. Bd3 c5 6. c3 Nc6 7. Ne2 cxd4 8. cxd4 f6 9. exf6 Nxf6 10. 0-0 Bd6 11. Nf3 Qc7 12. h3 0-0 13. Be3 Bd7 14. Rc1 Rae8 15. Bb1 Qb8 16. Nc3 Kh8 17. Ng5 Bf4 18. Qd3 Bxe3 19. Nxh7 Nb4 20. Qg6 Re7 21. Nxf6 gxf6 22. fxe3 f5 23. Ne2 Bb5 24. Rf4 Rh7 25. Rf2 Qd6 26. Bxf5 Rhf7 27. Qh6+ Kg8 28. Bxe6 1-0

[Event "GER-chT Lands U20"]
[Site "Hannover"]
[Date "2017.10.03"]
[Round "5.1"]
[White "Niermann, Tristan"]
[Black "Recktenwald, Cedric"]
[Result "1-0"]
[WhiteElo "2178"]
[BlackElo "1838"]
[PlyCount "39"]
[EventDate "2017.09.29"]
[EventType "team-swiss"]
[EventRounds "7"]
[EventCountry "GER"]
[SourceTitle "EXT 2018"]
[Source "ChessBase"]
[SourceDate "2017.10.13"]
[SourceVersion "1"]
[SourceVersionDate "2017.10.13"]
[SourceQuality "1"]
[WhiteTeam "Nordrhein Westfalen U20"]
[BlackTeam "Saarland U20"]
[WhiteTeamCountry "GER"]
[BlackTeamCountry "GER"]

1. d4 Nf6 2. c4 e6 3. g3 d5 4. Nf3 Be7 5. Bg2 0-0 6. 0-0 dxc4 7. Qc2 a6 8. a4 Bd7 9. Qxc4 Bc6 10. Bf4 Nbd7 11. Nc3 Nb6 12. Qd3 Nfd5 13. Bc1 Nxc3 14. bxc3 Bxa4 15. c4 c5 16. Bd2 Qd6 17. dxc5 Qxc5 18. Be3 Rfd8 19. Bxc5 Rxd3 20. Bxb6 1-0

[Event "GER-chT Lands U20"]
[Site "Hannover"]
[Date "2017.10.02"]
[Round "4.1"]
[White "Recktenwald, Cedric"]
[Black "Tiarks, Jann Christian"]
[Result "1-0"]
[WhiteElo "1838"]
[BlackElo "2038"]
[PlyCount "65"]
[EventDate "2017.09.29"]
[EventType "team-swiss"]
[EventRounds "7"]
[EventCountry "GER"]
[SourceTitle "EXT 2018"]
[Source "ChessBase"]
[SourceDate "2017.10.13"]
[SourceVersion "1"]
[SourceVersionDate "2017.10.13"]
[SourceQuality "1"]
[WhiteTeam "Saarland U20"]
[BlackTeam "Brandenburg U20"]
[WhiteTeamCountry "GER"]
[BlackTeamCountry "GER"]

1. e4 c5 2. Nf3 e6 3. b3 b6 4. Bb2 Bb7 5. Nc3 a6 6. g3 d6 7. Bg2 Nf6 8. Qe2 Be7 9. 0-0 0-0 10. d4 cxd4 11. Nxd4 Qc7 12. Rad1 Nbd7 13. Nf3 b5 14. Ne1 b4 15. Na4 Rac8 16. c3 bxc3 17. Nxc3 Rfd8 18. Na4 d5 19. exd5 Nf8 20. dxe6 Nxe6 21. Be5 Bd6 22. Rxd6 Rxd6 23. Bxd6 Qxd6 24. Bxb7 Re8 25. Qxa6 Qd2 26. Nf3 Qxa2 27. b4 Qb3 28. Qa5 Nd8 29. Nc5 Qc3 30. Nh4 Ng4 31. Qb5 Re1 32. Qd7 Qf6 33. Qxg4 1-0

[Event "GER-ch U16"]
[Site "Willingen"]
[Date "2017.06.08"]
[Round "7"]
[White "Recktenwald, Cedric"]
[Black "Weber, Samuel"]
[Result "0-1"]
[WhiteElo "1921"]
[BlackElo "2028"]
[PlyCount "106"]
[EventDate "2017.06.04"]
[EventType "swiss"]
[EventRounds "9"]
[EventCountry "GER"]
[SourceTitle "CBM 178 Extra"]
[Source "ChessBase"]
[SourceDate "2017.06.22"]
[SourceVersion "1"]
[SourceVersionDate "2017.06.22"]
[SourceQuality "1"]

1. e4 e5 2. Nf3 Nc6 3. Bc4 Nf6 4. Ng5 d5 5. exd5 Na5 6. Bb5+ c6 7. dxc6 bxc6 8. Qf3 Be7 9. Bd3 h6 10. Ne4 Nd5 11. Ng3 Nf4 12. Bf5 Bb7 13. d4 Qxd4 14. 0-0 c5 15. Be4 Bxe4 16. Nxe4 0-0 17. Rd1 Qc4 18. Bxf4 exf4 19. Nbc3 Nc6 20. Qxf4 Nd4 21. Qc1 f5 22. Nd2 Qa6 23. Nb3 Rad8 24. Re1 Bg5 25. f4 Bh4 26. Nxc5 Qc4 27. Nd3 Bxe1 28. Nxe1 Qxc3 29. bxc3 Ne2+ 30. Kf2 Nxc1 31. Rxc1 Rc8 32. Rb1 Rxc3 33. Rb2 a5 34. Rb5 a4 35. g3 Ra3 36. Rb2 Re8 37. Nd3 Re4 38. Kf1 Rc3 39. Ne1 Rce3 40. Ng2 Re2 41. Rb8+ Kh7 42. Rc8 Rd2 43. h4 Ree2 44. Ne1 Rf2+ 45. Kg1 Rde2 46. Rc3 Rd2 47. Ra3 Rfe2 48. Kf1 Re4 49. Rd3 Rxd3 50. cxd3 Rb4 51. Ke2 Rb2+ 52. Ke3 Rxa2 53. Kd4 Re2 0-1

[Event "BL2-Sued 1617"]
[Site "Germany"]
[Date "2017.04.23"]
[Round "8.8"]
[White "Von Rahden, Arvid"]
[Black "Recktenwald, Cedric"]
[Result "1/2-1/2"]
[WhiteElo "2200"]
[BlackElo "1788"]
[PlyCount "81"]
[EventDate "2016.10.16"]
[EventType "team-tourn"]
[EventRounds "9"]
[EventCountry "GER"]
[SourceTitle "EXT 2018"]
[Source "ChessBase"]
[SourceDate "2017.10.13"]
[SourceVersion "1"]
[SourceVersionDate "2017.10.13"]
[SourceQuality "1"]
[WhiteTeam "Heusenstamm"]
[BlackTeam "Schwarzenbach"]
[WhiteTeamCountry "GER"]
[BlackTeamCountry "GER"]

1. e4 e6 2. d4 d5 3. e5 c5 4. c3 Nc6 5. Nf3 Bd7 6. Be2 f6 7. exf6 Nxf6 8. 0-0 cxd4 9. cxd4 Bd6 10. Nc3 a6 11. Re1 0-0 12. h3 Qb6 13. Bd3 g6 14. Bh6 Nxd4 15. Nxd4 Qxd4 16. Bxf8 Rxf8 17. Qd2 Nh5 18. Qe3 Qh4 19. Nd1 Nf4 20. Bf1 d4 21. Qb3 b5 22. a4 bxa4 23. Qb6 Nxh3+ 24. gxh3 Qf4 25. Bd3 Qh2+ 26. Kf1 Qxh3+ 27. Ke2 Qf3+ 28. Kd2 Bf4+ 29. Kc2 Rc8+ 30. Nc3 dxc3 31. bxc3 Rb8 32. Qd4 Qb7 33. Rab1 Qc7 34. Bc4 Rxb1 35. Kxb1 Kf7 36. Ka2 a5 37. Rd1 Bc8 38. Rh1 h6 39. Re1 Qd6 40. Qa7+ Qc7 41. Qd4 1/2-1/2

[Event "GER-chT Lands U20"]
[Site "Hannover"]
[Date "2016.10.02"]
[Round "2.3"]
[White "Rogozenco, Teodora Nana"]
[Black "Recktenwald, Cedric"]
[Result "1-0"]
[WhiteElo "2085"]
[BlackElo "1891"]
[PlyCount "37"]
[EventDate "2016.10.01"]
[EventType "team-swiss"]
[EventRounds "7"]
[EventCountry "GER"]
[SourceTitle "CBM 174 Extra"]
[Source "ChessBase"]
[SourceDate "2016.10.10"]
[SourceVersion "1"]
[SourceVersionDate "2016.10.10"]
[SourceQuality "1"]
[WhiteTeam "Hamburg"]
[BlackTeam "Saarland/Rheinland Pfalz"]
[WhiteTeamCountry "GER"]
[BlackTeamCountry "GER"]

1. d4 Nf6 2. c4 e6 3. Nc3 Bb4 4. Qc2 0-0 5. Nf3 c5 6. dxc5 Bxc5 7. Bg5 h6 8. Bh4 Nc6 9. e4 Nd4 10. Nxd4 Bxd4 11. Be2 Qb6 12. 0-0 d6 13. Na4 Qc6 14. Rad1 Bd7 15. Rxd4 Qxa4 16. b3 Qc6 17. Bxf6 gxf6 18. e5 dxe5 19. Rg4+ 1-0

[Event "GER-chT Lands U20"]
[Site "Hannover"]
[Date "2016.10.01"]
[Round "1.3"]
[White "Recktenwald, Cedric"]
[Black "Browning, Alex"]
[Result "1/2-1/2"]
[WhiteElo "1891"]
[BlackElo "2000"]
[PlyCount "69"]
[EventDate "2016.10.01"]
[EventType "team-swiss"]
[EventRounds "7"]
[EventCountry "GER"]
[SourceTitle "CBM 174 Extra"]
[Source "ChessBase"]
[SourceDate "2016.10.10"]
[SourceVersion "1"]
[SourceVersionDate "2016.10.10"]
[SourceQuality "1"]
[WhiteTeam "Saarland/Rheinland Pfalz"]
[BlackTeam "Nordrhein Westfalen"]
[WhiteTeamCountry "GER"]
[BlackTeamCountry "GER"]

1. e4 c5 2. Nf3 d6 3. Bb5+ Nd7 4. d4 cxd4 5. Qxd4 Ngf6 6. 0-0 a6 7. Bxd7+ Bxd7 8. c4 e5 9. Qd3 h6 10. Nc3 Qc7 11. b3 Be7 12. Ba3 Be6 13. Rfd1 Qa5 14. Bb2 0-0 15. Nd5 Nxd5 16. cxd5 Bd7 17. a4 f5 18. Nd2 Qb6 19. Qe3 Qxe3 20. fxe3 b5 21. Rdc1 Bg5 22. Re1 Rac8 23. Ba3 Rc3 24. Bxd6 Re8 25. Kf2 f4 26. exf4 Bxf4 27. Nf3 Rxb3 28. axb5 Bxb5 29. g3 Rb2+ 30. Kg1 Bd2 31. Nxd2 Rxd2 32. Rad1 Rc2 33. Rc1 Bd3 34. Rxc2 Bxc2 35. Bc7 1/2-1/2

[Event "GER-ch U14"]
[Site "Willingen"]
[Date "2016.05.15"]
[Round "2"]
[White "Recktenwald, Cedric"]
[Black "Pysarenko, Kyrill"]
[Result "1-0"]
[WhiteElo "1855"]
[BlackElo "1687"]
[PlyCount "85"]
[EventDate "2016.05.15"]
[EventType "swiss"]
[EventRounds "9"]
[EventCountry "GER"]
[SourceTitle "CBM 172 Extra"]
[Source "ChessBase"]
[SourceDate "2016.06.21"]
[SourceVersion "1"]
[SourceVersionDate "2016.06.21"]
[SourceQuality "1"]

1. e4 c5 2. Nf3 e6 3. b3 d6 4. Bb2 Nf6 5. e5 dxe5 6. Nxe5 a6 7. Be2 Nbd7 8. 0-0 Be7 9. Bf3 Qc7 10. Re1 0-0 11. Na3 Rb8 12. Nac4 b5 13. Nc6 bxc4 14. Nxe7+ Kh8 15. Nc6 Rb6 16. Ne5 cxb3 17. axb3 Nxe5 18. Bxe5 Qe7 19. Bc3 Bb7 20. Ra4 Bxf3 21. Qxf3 Nd7 22. Qe2 Nb8 23. Qh5 f6 24. Rh4 h6 25. Re3 Nd7 26. Rg3 Rf7 27. Qg6 Rb8 28. Ra4 Rb6 29. Rag4 Rb8 30. Ra4 Rb6 31. Ba5 Ne5 32. Qe4 Rd6 33. d4 cxd4 34. Bb4 d3 35. Bxd6 dxc2 36. Qxc2 Qxd6 37. h3 Rc7 38. Rxa6 Rxc2 39. Rxd6 Rc6 40. Rxc6 Nxc6 41. Rc3 Nd4 42. Rd3 e5 43. Rxd4 1-0

[Event "GER-chT Lands U20"]
[Site "Hannover"]
[Date "2015.10.05"]
[Round "4.1"]
[White "Recktenwald, Cedric"]
[Black "Urban, Lars"]
[Result "0-1"]
[WhiteElo "1713"]
[BlackElo "2101"]
[PlyCount "108"]
[EventDate "2015.10.03"]
[EventType "team-swiss"]
[EventRounds "7"]
[EventCountry "GER"]
[SourceTitle "CBM 168 Extra"]
[Source "ChessBase"]
[SourceDate "2015.10.29"]
[SourceVersion "1"]
[SourceVersionDate "2015.10.29"]
[SourceQuality "1"]
[WhiteTeam "Saarland (U20)"]
[BlackTeam "Thueringen (U20)"]
[WhiteTeamCountry "GER"]
[BlackTeamCountry "GER"]

1. e4 e6 2. d4 d5 3. exd5 exd5 4. Bd3 c5 5. c3 Nf6 6. Bg5 c4 7. Bc2 Bd6 8. Nf3 0-0 9. 0-0 Bg4 10. Nbd2 Nbd7 11. Bh4 Re8 12. Re1 Qc7 13. Bg3 b5 14. a3 a5 15. Qb1 Bxg3 16. hxg3 Rxe1+ 17. Qxe1 Re8 18. Qf1 Rb8 19. Re1 b4 20. axb4 axb4 21. Ne5 bxc3 22. bxc3 Rb2 23. Nxg4 Rxc2 24. Nxf6+ Nxf6 25. Re2 h6 26. Ne4 Rxe2 27. Nxf6+ gxf6 28. Qxe2 Qd7 29. Qf3 f5 30. Kh2 Qe6 31. Kh3 Kg7 32. g4 Kg6 33. Kg3 Qe4 34. Qxe4 fxe4 35. Kf4 Kf6 36. f3 exf3 37. gxf3 Ke6 38. Ke3 Ke7 39. f4 Kf6 40. Kf3 Kg6 41. Kg3 f5 42. Kh4 fxg4 43. Kxg4 h5+ 44. Kh4 Kf5 45. Kxh5 Kxf4 46. Kg6 Ke4 47. Kf6 Kd3 48. Ke5 Kxc3 49. Kxd5 Kb4 50. Ke6 c3 51. d5 c2 52. d6 c1Q 53. Ke7 Qg5+ 54. Ke8 Qe5+ 0-1

[Event "GER-chT Lands U20"]
[Site "Hannover"]
[Date "2015.10.04"]
[Round "2.1"]
[White "Powierski, Emil"]
[Black "Recktenwald, Cedric"]
[Result "1-0"]
[WhiteElo "2262"]
[BlackElo "1713"]
[PlyCount "57"]
[EventDate "2015.10.03"]
[EventType "team-swiss"]
[EventRounds "7"]
[EventCountry "GER"]
[SourceTitle "CBM 168 Extra"]
[Source "ChessBase"]
[SourceDate "2015.10.29"]
[SourceVersion "1"]
[SourceVersionDate "2015.10.29"]
[SourceQuality "1"]
[WhiteTeam "Schleswig Holstein (U20)"]
[BlackTeam "Saarland (U20)"]
[WhiteTeamCountry "GER"]
[BlackTeamCountry "GER"]

1. e4 e6 2. d4 d5 3. Nd2 Nf6 4. e5 Nfd7 5. f4 c5 6. c3 Nc6 7. Ndf3 Be7 8. Bd3 f5 9. Ne2 c4 10. Bc2 b5 11. 0-0 0-0 12. Kh1 h5 13. h3 g6 14. Rg1 Kg7 15. g4 hxg4 16. hxg4 Rh8+ 17. Nh2 Kf7 18. Ng3 Rh3 19. Qe2 Qh8 20. Bd2 a5 21. Rg2 Ba6 22. gxf5 gxf5 23. Nxf5 exf5 24. e6+ Kf8 25. exd7 Qh7 26. Rag1 Kf7 27. Rg7+ Qxg7 28. Rxg7+ Kxg7 29. Qg2+ 1-0

[Event "GER-ch U25 op-A"]
[Site "Willingen"]
[Date "2015.05.28"]
[Round "7"]
[White "Borchert, Louis"]
[Black "Recktenwald, Cedric"]
[Result "1/2-1/2"]
[WhiteElo "1829"]
[BlackElo "1657"]
[PlyCount "86"]
[EventDate "2015.05.24"]
[EventType "swiss"]
[EventRounds "9"]
[EventCountry "GER"]
[SourceTitle "CBM 166 Extra"]
[Source "ChessBase"]
[SourceDate "2015.06.18"]
[SourceVersion "1"]
[SourceVersionDate "2015.06.18"]
[SourceQuality "1"]

1. e4 e6 2. Nc3 d5 3. Nf3 Nf6 4. e5 Nfd7 5. d4 c5 6. dxc5 Nc6 7. Bf4 Bxc5 8. Bd3 f6 9. Qe2 fxe5 10. Bxe5 Ndxe5 11. Nxe5 Nxe5 12. Qxe5 0-0 13. 0-0-0 Qf6 14. Qxf6 Rxf6 15. f3 Bd7 16. Rhe1 a6 17. Be2 Bb4 18. Rd4 Bxc3 19. bxc3 Rc8 20. c4 Bc6 21. Bd3 b5 22. cxb5 Bxb5 23. Bxb5 axb5 24. Rb4 Rc5 25. Kd2 Rg6 26. g3 Rf6 27. f4 Rh6 28. Re2 Kf7 29. Kd3 Ke7 30. f5 Kd6 31. fxe6 Rxe6 32. Rxe6+ Kxe6 33. c3 Kd6 34. Rg4 Rc7 35. Rh4 g6 36. a4 bxa4 37. Rxa4 Ke5 38. Ra5 Kd6 39. Ra8 Ke5 40. Rd8 Ke6 41. Re8+ Kd6 42. Rb8 Rf7 43. Re8 Rc7 1/2-1/2

[Event "GER-ch U12"]
[Site "Magdeburg"]
[Date "2014.06.11"]
[Round "7"]
[White "Muetsch, Annmarie"]
[Black "Recktenwald, Cedric"]
[Result "1/2-1/2"]
[WhiteElo "1686"]
[BlackElo "1453"]
[PlyCount "48"]
[EventDate "2014.06.08"]
[EventType "swiss"]
[EventRounds "11"]
[EventCountry "GER"]
[SourceTitle "CBM 160 Extra"]
[Source "ChessBase"]
[SourceDate "2014.07.01"]
[SourceVersion "1"]
[SourceVersionDate "2014.07.01"]
[SourceQuality "1"]

1. e4 e6 2. d4 d5 3. e5 c5 4. c3 Nc6 5. Nf3 Bd7 6. a3 f6 7. Bf4 Qc7 8. Qd2 fxe5 9. Nxe5 Bd6 10. Qe2 Nxe5 11. dxe5 Be7 12. Qh5+ g6 13. Qg4 0-0-0 14. Bd3 c4 15. Bc2 Qb6 16. Ra2 Bc5 17. 0-0 Ne7 18. Bg5 Rdf8 19. Bf6 Rhg8 20. Qh4 Rf7 21. Qg5 Rgf8 22. Qd2 Ng8 23. Bh4 Rf4 24. Bg3 R4f7 1/2-1/2

[Event "Saarland-ch B 89th"]
[Site "Stennweiler"]
[Date "2014.04.17"]
[Round "7"]
[White "Recktenwald, Cedric"]
[Black "Mueller, Sophie Elisabeth"]
[Result "1/2-1/2"]
[WhiteElo "1435"]
[BlackElo "1460"]
[PlyCount "50"]
[EventDate "2014.04.11"]
[EventType "swiss"]
[EventRounds "9"]
[EventCountry "GER"]
[SourceTitle "EXT 2016"]
[Source "ChessBase"]
[SourceDate "2015.10.08"]
[SourceVersion "1"]
[SourceVersionDate "2015.10.08"]
[SourceQuality "1"]

1. e4 c5 2. Nf3 d6 3. d4 cxd4 4. Nxd4 Nf6 5. Nc3 g6 6. Bc4 Bg7 7. 0-0 0-0 8. Be3 Nc6 9. f3 Bd7 10. Qd2 Rc8 11. Nxc6 bxc6 12. Rab1 Qc7 13. Rfc1 Rb8 14. b4 Rfc8 15. Bh6 Bxh6 16. Qxh6 Qb6+ 17. Kh1 Qd4 18. Ba6 Qxc3 19. Bxc8 Bxc8 20. Rb3 Qd4 21. Rcb1 Be6 22. R3b2 c5 23. Qc1 cxb4 24. c3 Qc5 25. cxb4 Qb6 1/2-1/2

[Event "Saarland-ch B 89th"]
[Site "Stennweiler"]
[Date "2014.04.16"]
[Round "6"]
[White "Rohr, Christian"]
[Black "Recktenwald, Cedric"]
[Result "1/2-1/2"]
[WhiteElo "1539"]
[BlackElo "1435"]
[PlyCount "35"]
[EventDate "2014.04.11"]
[EventType "swiss"]
[EventRounds "9"]
[EventCountry "GER"]
[SourceTitle "EXT 2016"]
[Source "ChessBase"]
[SourceDate "2015.10.08"]
[SourceVersion "1"]
[SourceVersionDate "2015.10.08"]
[SourceQuality "1"]

1. e4 e6 2. Bc4 d5 3. exd5 exd5 4. Bb3 c6 5. d4 Bd6 6. Nf3 Nf6 7. h3 0-0 8. 0-0 h6 9. Nc3 Bf5 10. Ne2 Nbd7 11. Ng3 Bh7 12. c3 Qc7 13. Ne2 Rfe8 14. Be3 Re7 15. Bc2 Bxc2 16. Qxc2 Ne4 17. Rfe1 Rae8 18. Qc1 1/2-1/2

[Event "Saarland-ch B 89th"]
[Site "Stennweiler"]
[Date "2014.04.11"]
[Round "1"]
[White "Trienens, Thomas"]
[Black "Recktenwald, Cedric"]
[Result "1/2-1/2"]
[WhiteElo "1437"]
[BlackElo "1435"]
[PlyCount "50"]
[EventDate "2014.04.11"]
[EventType "swiss"]
[EventRounds "9"]
[EventCountry "GER"]
[SourceTitle "EXT 2016"]
[Source "ChessBase"]
[SourceDate "2015.10.08"]
[SourceVersion "1"]
[SourceVersionDate "2015.10.08"]
[SourceQuality "1"]

1. e4 e6 2. d4 d5 3. exd5 exd5 4. Nf3 Bd6 5. Be2 Ne7 6. 0-0 Bf5 7. h3 Nbc6 8. a3 a6 9. Nbd2 Qd7 10. Nh4 Nxd4 11. Nxf5 Nxe2+ 12. Qxe2 Qxf5 13. Nf3 0-0 14. Nd4 Qf6 15. Nf3 Rfe8 16. Qd3 Qg6 17. Qb3 Rab8 18. Bg5 c6 19. Rfe1 f6 20. Bd2 Qf7 21. Re3 Ng6 22. Rae1 Ne5 23. Nxe5 Bxe5 24. R3e2 Kf8 25. Bb4+ Kg8 1/2-1/2

[Event "GER-chT Lands U20"]
[Site "Hannover"]
[Date "2013.10.03"]
[Round "3.7"]
[White "Recktenwald, Cedric"]
[Black "Koch, Elisabeth"]
[Result "0-1"]
[WhiteElo "1258"]
[BlackElo "1569"]
[PlyCount "52"]
[EventDate "2013.10.02"]
[EventType "team-swiss"]
[EventRounds "7"]
[EventCountry "GER"]
[SourceTitle "EXT 2014"]
[Source "ChessBase"]
[SourceDate "2013.11.20"]
[SourceVersion "1"]
[SourceVersionDate "2013.11.20"]
[SourceQuality "1"]
[WhiteTeam "Saarland"]
[BlackTeam "Berlin"]
[WhiteTeamCountry "SAA"]
[BlackTeamCountry "GER"]

1. e4 e5 2. Nf3 Nc6 3. Bc4 Nf6 4. Ng5 d5 5. exd5 Na5 6. Bb5+ c6 7. dxc6 bxc6 8. Qf3 Rb8 9. Bd3 Bd6 10. Ne4 Nxe4 11. Bxe4 0-0 12. Nc3 Qc7 13. Qh5 f5 14. Bf3 e4 15. Be2 Be6 16. 0-0 Nc4 17. b3 Ne5 18. Bb2 Rf6 19. Qg5 Rg6 20. Qe3 Nf3+ 21. Bxf3 exf3 22. Qxf3 Bxh2+ 23. Kh1 Rh6 24. Rfd1 Re8 25. Ne2 Bd5 26. Qd3 Bg1+ 0-1

[Event "GER-chT Lands U20"]
[Site "Hannover"]
[Date "2013.10.02"]
[Round "1.7"]
[White "Recktenwald, Cedric"]
[Black "Schneider, Sabrina"]
[Result "1/2-1/2"]
[WhiteElo "1258"]
[BlackElo "1440"]
[PlyCount "75"]
[EventDate "2013.10.02"]
[EventType "team-swiss"]
[EventRounds "7"]
[EventCountry "GER"]
[SourceTitle "EXT 2014"]
[Source "ChessBase"]
[SourceDate "2013.11.20"]
[SourceVersion "1"]
[SourceVersionDate "2013.11.20"]
[SourceQuality "1"]
[WhiteTeam "Saarland"]
[BlackTeam "Hessen"]
[WhiteTeamCountry "SAA"]
[BlackTeamCountry "GER"]

1. e4 e5 2. Nf3 Nc6 3. Bc4 Nf6 4. Ng5 d5 5. exd5 Na5 6. Bb5+ c6 7. dxc6 bxc6 8. Qf3 Bb7 9. Bd3 Bd6 10. Nc3 0-0 11. 0-0 c5 12. Nge4 Nxe4 13. Bxe4 Bxe4 14. Nxe4 f5 15. Nxd6 Qxd6 16. Qc3 Nc6 17. d3 f4 18. Qc4+ Kh8 19. f3 Rf6 20. c3 Rd8 21. Rf2 Ne7 22. Re2 Rf5 23. b4 cxb4 24. Qxb4 Qxb4 25. cxb4 Rxd3 26. Bb2 Rd5 27. Rae1 Ng6 28. Rc2 Rf8 29. Rc7 a5 30. Rc5 Rxc5 31. bxc5 Rc8 32. Bxe5 Rxc5 33. Bxf4 Kg8 34. Bd6 Rc2 35. a3 Nh4 36. Re8+ Kf7 37. Rf8+ Ke6 38. Bg3 1/2-1/2